Normal view
MARC view
- افريقيا-استعمار اوروبي
Entry Topical Term
001 - CONTROL NUMBER
- control field: 15639
003 - CONTROL NUMBER IDENTIFIER
- control field: JO-AjAnu
005 - DATE AND TIME OF LATEST TRANSACTION
- control field: 20230606072808.0
008 - FIXED-LENGTH DATA ELEMENTS
- fixed length control field: 230606|| aca||aabn | a|a d
040 ## - CATALOGING SOURCE
- Original cataloging agency: JO-AjAnu
- Transcribing agency: JO-AjAnu
150 ## - HEADING--TOPICAL TERM
- Topical term or geographic name entry element: افريقيا-استعمار اوروبي
670 ## - SOURCE DATA FOUND
- Source citation: Work cat.: (JO-AjAnu)8030: رودني، وانتر؛ ترجمة أحمد القصير, author 15638, تاريخ الاستعمار الأوروبي: القارة الافريقية